| 000 | 00702nam a2200241Ia 4500 | ||
|---|---|---|---|
| 003 | OSt | ||
| 005 | 20250925115220.0 | ||
| 008 | 210719s1998 xx 000 0 und d | ||
| 020 | _a81-86670-28-9 | ||
| 040 | _cAL | ||
| 041 | _aTulu | ||
| 082 | _aT894.2 JAYP | ||
| 100 |
_aJAYAVANTA DALVI _dಜಯವಂತ ದಲ್ವಿ _9239402 |
||
| 245 |
_aPurushe _bಪುರುಷೆ |
||
| 260 |
_aMangaluru _bHemanshu Prakashana _c1998 |
||
| 300 |
_a90 _bPB |
||
| 365 |
_b35 _cRs |
||
| 650 |
_aTulu Drama _9239403 |
||
| 650 |
_aTulu Literature _9239404 |
||
| 700 |
_aHK Karkera _d ಹೆಚ್ ಕೆ ಕರ್ಕೇರ tr _9239405 |
||
| 906 | _aby ; Echke ; Karkera ; Purushe ; Tr | ||
| 942 |
_2ddc _cBK |
||
| 999 |
_c214826 _d214826 |
||